000 00664nam a2200157 a 4500
008 120416s1993 ||||||||||||||||| || u
050 _aJC 458 Tan
100 _aTandon, Yash
245 1 0 _aIn defence of democracy
260 _aDar es Salaam
_bUniv. Press
_c1993
350 _a0.00
650 _aDEMOCRACY--POLITICAL ASPECTS
650 _aPOLITICS
995 _aANNEX COLLECTION (Main Library)
_D0.00
_e731212
_FCBU-MAIN LIBRARY (Kitwe)
_H1
_I3.75
_jJC 458 Tan
_M1
_UAVAILABLE
_y028481
_ZAnnex Low-Usage Collection
995 _aANNEX COLLECTION (Main Library)
_D0.00
_e730490
_FCBU-MAIN LIBRARY (Kitwe)
_H2
_I3.75
_jJC 458 Tan
_M2
_UAVAILABLE
_y027604
_ZAnnex Low-Usage Collection
999 _c76447
_d76447